000 01255cam a2200133 4500500
005 20260405085526.0
041 _afre
042 _adc
100 1 0 _aCalvet, Robert
_eauthor
245 0 0 _aLes Japonais : De la Préhistoire aux enjeux contemporains
260 _bArmand Colin,
_c2022.
520 _aAujourd'hui perçu soit comme la patrie de l'innovation technologique et du dynamisme économique, soit au contraire, à travers l'image d'Épinal des samourai et des geisha, le Japon ne saurait se réduire à ces stéréotypes. Son histoire mouvementée a présenté bien des aspects contradictoires, que cet ouvrage se propose de suivre depuis l'origine du peuplement de l'archipel jusqu'à la période la plus récente. De l'âge d'or de la culture Jomon, 10 000 ans avant notre ère, jusqu'aux défis contemporains, une aventure collective qui s'est enrichie des contacts avec les autres puissances asiatiques. Et qu'a orientée, depuis cent cinquante ans, une relation conflictuelle de rupture et d'osmose avec l'Occident. Cette nouvelle édition présente les plus récents événements économiques, sociaux et politiques du Japon.
856 4 1 _uhttps://shs.cairn.info/histoire-du-japon--9782200633233?lang=fr&redirect-ssocas=7080
999 _c2198292
_d2198292